000 00251nam a2200097Ia 4500
001 655328
005 20250826154535.0
008 250824s9999 xx 000 0 und d
245 0 _aVANYA DAYI ANTİK
_cANTON ÇEHOV
260 _bANTİK DÜNYA KLASİKLERİ
999 _c655328
_d655328